Guess the V-Kei Band by the Picture - Statistics

General Stats
  • This quiz has been taken 21 times
  • The average score is 8 of 16
Answer Stats
Picture Answer % Correct
Plastic Tree
89%
Shazna
89%
Buck-Tick
78%
Kaneto Juusei
78%
Dadaroma
67%
the gazette
67%
gulugulu
56%
Malice Mizer
56%
mejibray
56%
X Japan
56%
Dir en Grey
44%
Jiluka
44%
deadman
22%
Kebyo
22%
madman's esprit
22%
Fanatic Crisis
0%
No matching quizzes found
Score Distribution
Percent of People with Each Score
Percentile by Number Answered
Your Score History
You have not taken this quiz